| 000 | 01229cam a22003493a 4500 | ||
|---|---|---|---|
| 001 | 16412000 | ||
| 003 | OSt | ||
| 005 | 20140310182235.0 | ||
| 008 | 930625s1993 nyu j 000 1 eng d | ||
| 010 | _a 97818309 | ||
| 020 | _a0671794779 (pbk.) | ||
| 035 | _a(OCoLC)ocm28328381 | ||
| 040 |
_aVPL _cVPL _dSLC _dOCL _dDLC |
||
| 050 |
_aPZ 7 _b.K26n85 1993 |
||
| 082 |
_aFIC _bK25nf #85 |
||
| 100 | 1 |
_aKeene, Carolyn. _94653 |
|
| 245 | 1 | 0 |
_aSea of suspicion / _cCarolyn Keene. |
| 260 |
_aNew York : _bPocket Books, _c1993. |
||
| 300 |
_a149 p. ; _c18 cm. |
||
| 440 |
_aThe Nancy Drew files case _n#85 _918582 |
||
| 500 | _a"An Archway paperback original"--Verso t.p. | ||
| 520 | _a"A high-stakes treasure hunt in Key West plunges Nancy into a sea of mystery and murder!"--Cover. | ||
| 650 | 0 |
_aDrew, Nancy (Fictitious character) _vFiction. _918583 |
|
| 650 | 0 |
_aTreasure-trove _vJuvenile fiction. _918584 |
|
| 655 | 7 |
_aYoung adult fiction. _2lcsh _93735 |
|
| 655 | 7 |
_aMystery fiction. _2gsafd _94089 |
|
| 655 | 7 |
_aSuspense fiction. _2gsafd _96032 |
|
| 710 | 2 |
_aCopyright Paperback Collection (Library of Congress) _5DLC _9705 |
|
| 906 |
_a7 _bcbc _ccopycat _d2 _encip _f19 _gy-genrareb |
||
| 942 |
_2lcc _cBK-FIC |
||
| 999 |
_c11000 _d11000 |
||